| 000 | 00524nam a2200181 a 4500 | ||
|---|---|---|---|
| 001 | 5996 | ||
| 003 | CDMR | ||
| 005 | 20130315103014.0 | ||
| 008 | 130220s2005||||||||||||||||||||||||||||d | ||
| 020 | _a8495623382 | ||
| 040 |
_aCDMR _bcat _cCDMR |
||
| 100 | 1 |
_aSantolaria, Francesc _92999 |
|
| 245 | 1 | 3 |
_aEl Banquet de la Victòria i els Fets de ¡Cu-Cut! _b: cent anys de l'esclat catalanista de 1905 _cFrancesc Santolaria |
| 260 |
_aBarcelona _bMeteora _c2005 |
||
| 300 |
_a234 p ; _c17 cm |
||
| 490 | 0 | _aCronos | |
| 942 |
_cMON _2udc |
||
| 999 |
_c5996 _d5996 |
||